Carreteras de Granada - Estadísticas

Estadísticas generales
  • Esta prueba ha sido intentada 24 veces
    7 desde el último reinicio
  • La puntuación promedio es 12 de 60
Estadísticas de respuestas
Matrícula Denominación % Correcto
A-330R2 Ramal de acceso a Galera
100%
A-395R1 De A-395 a Pradollano (P.K. 31)
100%
A-395R2 De A-395 a Urbanización (VIAL INTERMEDIO, P.K. 32)
100%
A-4002 De Granada a la A-92 en Puerto Lobo
100%
A-4004 Molinillo (Antigua A-92)
100%
A-4050 De N-323 a Almuñécar
100%
A-4075 De A-92 al Aeropuerto
100%
A-4130 De Torvizcón a Laroles
100%
A-4136 De Ugíjar a Venta el Parral
100%
A-44 Autovía de Sierra Nevada-Costa Tropical
100%
A-92 De Almería a Sevilla por Granada
100%
GR-3310 De GR-3402 (Ventas de Huelma) a A-4151 (Cacín)
100%
GR-3408 De N-432 (Pinos Puente) a GR-3416
100%
GR-3409 De N-432 (Venta de Algarra) a Íllora
100%
GR-3424 De Granada (A-4006) a Cogollos Vega (Instituto)
100%
GR-5207 De Lújar a GR-5209
100%
GR-6200 De A-4130 (Válor) a Nechite
100%
N-323 De Bailén a Motril
100%
A-7 Autovía del Mediterráneo
67%
A-308 De A-44 a A-92
50%
A-315R De Zújar al embalse del Negratín
50%
A-323 De Guadahortuna a Iznalloz
50%
A-328 De Iznájar a Loja
50%
A-335 De Alcalá La Real a Moraleda de Zafayona
50%
A-4027 Ramal de A-4028 a Huétor Vega
50%
A-403 De Alcalá la Real a Dehesas Viejas
50%
A-4101R Acceso a Guadix
50%
A-4102 De A-92 a Alcudia de Guadix
50%
A-4104 Gor
50%
A-4105 Acceso a La Peza y Lopera
50%
A-4126 De Ugíjar a Mecina Alfahar
50%
A-4129 De Capileira al Veleta
50%
A-4301 De Huéscar a A-317
50%
GR-3303 De Granada a N-323A (Alhendín)
50%
GR-3305 De GR-3303 (Granada) a GR-3304 (Vegas del Genil)
50%
GR-3420 De A-4076 (Puente de Colomera) a A-403 (Benalúa de las Villas)
50%
GR-4103 De A-308 a GR-4102 (Huélago)
50%
GR-43 Autovía de Pinos Puente
50%
GR-5300 De A-4050 (Jete) a N-323
50%
N-340 Carretera del Mediterráneo
50%
N-432 De Badajoz a Granada
50%
A-401 De Úbeda a Moreda
33%
A-4100 De A-92 a Guadix por Purullena
33%
A-92G De Santa Fe a Granada
33%
GR-14 Autovía de Acceso Oeste al Puerto de Motril
33%
GR-3106 De Diezma a A-308 (Darro)
33%
GR-3309 De A-338 a Escúzar
33%
GR-3400 De A-92 (Peñuelas) a GR-3312 (Castillo de Tajarja)
33%
GR-3418 De Maracena a La Torrecilla
33%
GR-3421 De GR-3424 (Pulianas) a Peligros
33%
GR-4203 De Güájar Fondón a GR-3204
33%
GR-5105 De Pedro Martínez a GR-5100
33%
GR-5201 De A-337 (La Calahorra) a Aldeire
33%
GR-9101 De A-326 a A-4301 por Duda (Huéscar)
33%
GR-9103 De Las Cucharetas a GR-9106
33%
GR-3210 De GR-3208 a Cónchar
25%
GR-5208 De A-4133 a Lagos (Planta de Vélez y Lagos)
25%
GR-3307 De A-338 a GR-3302 (Fornes)
20%
A-315 De Torreperogil a Baza por Pozo Alcón
0%
A-317 De La Puerta de Segura a Vélez Rubio
0%
A-325 De Moreda a Guadix por Pedro Martínez
0%
A-325R Acceso a Guadix desde A-325
0%
A-326 De Pozo Alcón a Huéscar
0%
A-328R Tramo de la Antigua N-342
0%
A-330 De Cúllar a Puebla de Don Fadrique por Huéscar
0%
A-330R1 Ramal a Huéscar
0%
A-334 De Baza a Huércal-Overa
0%
A-334R2 Ramal a Baza Sur
0%
A-336 De Tocón a Pinos Puente
0%
A-337 De Cherín a La Calahorra
0%
A-338 De Granada a Alhama de Granada
0%
A-341 De Loja a Ventas de Zafarraya
0%
A-345 De Cádiar a La Rábita
0%
A-346 De Órgiva a Vélez de Benaudalla
0%
A-348 De Lanjarón a Almería por Ugíjar
0%
A-348R Acceso a Yátor
0%
A-385 De Otura a Santa Fe por La Malahá
0%
A-395 De Granada a Sierra Nevada
0%
A-4000 De A-308 a A-308. Acceso a Iznalloz
0%
A-4000R Nuevo Acceso a Iznalloz
0%
A-4001 De A-323 a A-401 por Píñar
0%
A-4001R Ramal de acceso a Píñar
0%
A-4002R De la Alquería del Fargue a Fajalauza
0%
A-4003 De Puerto Lobo a Huétor Santillán
0%
A-4005 Diezma (Antigua A-92)
0%
A-4006 Distribuidor Norte de Granada
0%
A-402 De Moraleda de Zafayona a Viñuela
0%
A-4025 De Granada a Sierra Nevada
0%
A-4026 De Cenes de la Vega a Canales
0%
A-4028 De A-395 a Cájar
0%
A-402R1 Ramal de acceso a Los Baños (de C-340 a Los Baños)
0%
A-402R2 Ramal de acceso desde la A-402 a Santa Cruz del Comercio
0%
A-402R3 Ramal de acceso a Moraleda de Zafayona
0%
A-402R4 Ramal de acceso a la GR-4304
0%
A-4030 De A-4025 a río Genil
0%
A-403R2 Ramal de acceso a Benalúa de las Villas desde la A-403
0%
A-403R3 Acceso a Dehesas Viejas desde A-44
0%
A-4076 De A-44 a Colomera
0%
A-4101 De Guadix a la A-92
0%
A-4103 De Huéneja a A-92
0%
A-4127 De A-348 a Bérchules
0%
A-4128 Acceso a Cástaras
0%
A-4130R Acceso a Almegíjar
0%
A-4131 De A-348 a Albuñol
0%
A-4132 De Órgiva a Trevélez
0%
A-4133 De Vélez de Benaudalla a Motril
0%
A-4134 Acceso a Mecina Fondales
0%
A-4135 De Ugíjar a Cherín
0%
A-4150 De A-402 a Játar
0%
A-4151 De Cacín a la A-338
0%
A-4152 De A-341 a Colmenar
0%
A-4153 De A-341 a Estación de Riofrío
0%
A-4154 De Loja (A-92) a Priego de Córdoba (A-333) por Algarinejo
0%
A-4155 De A-92 a Alhama de Granada por Salar
0%
A-4156 De Riofrío (A-92) a la A-328
0%
A-4157 Accesos a Cuesta Blanca y Riofrío
0%
A-4200 De Baza a Huéscar por Benamaurel
0%
A-4201 Acceso Oeste a Baza desde A-92N
0%
A-4302 De A-330 a Huéscar
0%
A-4303 De A-330 a Galera
0%
A-92GR De Santa Fe a El Jau (Santa Fe)
0%
A-92N De Guadix a Límite de Región de Murcia
0%
A-92NR1 Travesía de Hernán Valle
0%
A-92NR2 Ramal a Baza Norte
0%
A-92NR3 Ramal de conexión entre A-92N y A-4201
0%
A-92NR4 Travesía de la Venta del Peral
0%
A-92NR5 Ramal de acceso a Cúllar
0%
A-92R1 De A-92 a A-4100 (Guadix)
0%
GR-16 Autovía de Acceso Este al Puerto de Motril
0%
GR-30 Circunvalación de Granada
0%
GR-3100 De N-323a (Venta de la Nava) a JA-4204 (L.P. de Jaén)
0%
GR-3101 De GR-3424 a A-4002 (Puerto Lobo)
0%
GR-3102 De Granada a Víznar
0%
GR-3103 De Granada a Alfacar
0%
GR-3104 De Iznalloz a A-308 (Dirección Bogarre)
0%
GR-3105 De A-308 a A-4001 (Dirección Píñar)
0%
GR-3107 De A-4003 a Beas de Granada
0%
GR-3200 De A-4026 (Pinos Genil) a Güéjar Sierra
0%
GR-3201 De A-4026 a A-4105 (Conexión A-92)
0%
GR-3202 De A-395 (Granada) a Monachil
0%
GR-3203 De Acequias a N-323b
0%
GR-3204 De N-323a (Lecrín) a N-323 (La Bernardilla)
0%
GR-3205 De N-323b a Nigüelas
0%
GR-3206 De Murchas a GR-3204 (Talará)
0%
GR-3207 De GR-3204 (Talará) a Chite
0%
GR-3208 De Antigua N-323 (Venta el Zahor) a Albuñuelas
0%
GR-3209 De Granada (A-395) a Dílar
0%
GR-3211 De Granada (A-395) a La Zubia
0%
GR-3300 De GR-3208 (Albuñuelas) a GR-3204 (Restábal)
0%
GR-3301 De A-44 a GR-3209 (Dílar)
0%
GR-3302 De A-4050 a A-4150 (Játar)
0%
GR-3304 De A-338 (Churriana) a Pte. de los Vados
0%
GR-3306 De Gabia Grande a Gabia Chica
0%
GR-3308 De A-385 a Planta Residuos Sólidos (Alhendín)
0%
GR-3311 De Cúllar Vega a Gabia Grande
0%
GR-3312 De GR-3402 (Chimeneas) a GR-3400 (Castillo de Tajarja)
0%
GR-3313 De GR-3304 a Santa Fe
0%
GR-3401 De A-92 (Chauchina) a Obeilar
0%
GR-3402 De A-92 (Cijuela) a A-338 (Ventas de Huelma)
0%
GR-3403 De A-92 a El Jau
0%
GR-3404 De Chauchina a Romilla
0%
GR-3405 De Fuente Vaqueros a GR-3417 (Atarfe)
0%
GR-3406 De GR-3405 a N-432 (Sierra Elvira)
0%
GR-3407 De Íllora a GR-3410
0%
GR-3410 De N-432 (Puerto Lope) a A-4154
0%
GR-3411 De Tiena a N-432 (Venta de Algarra)
0%
GR-3412 De Caparacena a Pinos Puente
0%
GR-3413 De GR-3408 a A-4076 (Cruce Colomera)
0%
GR-3414 De GR-3408 a Puerto Lope
0%
GR-3415 De GR-3416 a Limones
0%
GR-3416 De Tózar a N-432
0%
GR-3417 De Maracena a A-92G (Santa Fe) por Albolote y Atarfe
0%
GR-3419 De El Chaparral (A-44) a GR-3424 (Güevéjar)
0%
GR-3422 De GR-3419 a Calicasas
0%
GR-3423 De A-44 a Iznalloz por Deifontes
0%
GR-3425 De Valderrubio a A-336
0%
GR-4100 De A-323 (Bular) a Domingo Pérez
0%
GR-4101 De Moreda a su Estación
0%
GR-4102 De A-401 a A-325 (Cruce Pedro Martínez)
0%
GR-4104 De La Peza a A-325 (Benalúa)
0%
GR-4105 De Lugros a GR-4104 (Purullena)
0%
GR-4106 De GR-3106 a Sillar Baja
0%
GR-4200 De Soportújar a A-4132
0%
GR-4201 De Cáñar a A-4132
0%
GR-4202 De Órgiva a Los Agustines
0%
GR-4300 De Güájar Alto a GR-3204 (Güájar Faragüit)
0%
GR-4301 De Lentegí a A-4050
0%
GR-4302 De A-338 (Embalse de Los Bermejales) a GR-3307
0%
GR-4303 De A-338 a GR-3302 (Arenas del Rey)
0%
GR-4304 De El Turro a A-402 (Moraleda de Zafayona)
0%
GR-4400 De A-92 a Huétor Tájar
0%
GR-4401 De A-92 a Villanueva de Mesía
0%
GR-4402 De Huétor Tájar a GR-3410 (Milanos)
0%
GR-4403 De Tocón a Huétor Tájar
0%
GR-4404 De Montefrío a GR-3410
0%
GR-4405 De N-323a a Montillana y Trujillos
0%
GR-4406 De N-323a (Campotéjar) a GR-3100 (Dehesas Viejas)
0%
GR-4407 De Huétor Tájar a A-4154 (Loja) por La Esperanza
0%
GR-5100 De Montejícar a GR-6101 (Dehesas de Guadix)
0%
GR-5101 De Torre-Cardela a GR-6101 (Villanueva de Las Torres)
0%
GR-5102 De A-401 a Gobernador
0%
GR-5103 De A-325 a GR-6101 (Baños de Alicún)
0%
GR-5104 De A-4101 (Guadix) a GR-5201 (La Calahorra)
0%
GR-5200 De A-337 a Ferreira
0%
GR-5202 De A-345 (Venta del Empalme) a A-4136 (Cruce de las Palomas)
0%
GR-5203 De GR-5204 (La Contraviesa) a Alfornón
0%
GR-5204 De A-4131 a A-345 (Contraviesa)
0%
GR-5205 De Alcázar a A-4131
0%
GR-5206 De A-4131 a N-340 (Castell de Ferro) por Rubite
0%
GR-5209 De Motril a N-340 (Castell de Ferro)
0%
GR-5400 De A-4154 (Ventorros de San José) a Algarinejo
0%
GR-5401 De A-335 a Lojilla
0%
GR-6100 De GR-6101 a A-92N
0%
GR-6101 De A-92N a Alicún de Ortega (L.P.Jaén)
0%
GR-6102 De A-92N a A-92N por Gor
0%
GR-6103 De A-92 a Charches
0%
GR-6104 De A-92 a Estación de Huéneja
0%
GR-6105 De A-92 (Huéneja) a La Huertezuela
0%
GR-6201 De GR-5202 a Los Montoros
0%
GR-6202 De GR-5202 a Turón
0%
GR-6203 De A-4131 a N-340
0%
GR-6204 De A-4131 a N-340 (Castillo de Baños)
0%
GR-6400 De GR-5400 (Cruz de Bujeo) a A-333
0%
GR-7100 De A-92N a A-315
0%
GR-7101 De GR-7100 (Bácor) a A-315
0%
GR-8100 De A-92N a A-315 (Freila)
0%
GR-8101 De Límite de Provincia de Almería a Caniles
0%
GR-9100 De A-4301 a A-317 (Puebla de Don Fadrique)
0%
GR-9102 De GR-9105 (Almontaras) a Castilléjar
0%
GR-9104 De A-330 (Galera) a L.P. Almería (Pozo de La Rueda)
0%
GR-9105 De GR-9106 a la A-326
0%
GR-9106 De A-4200 a Límite de Provincia de Jaén
0%
GR-9107 De A-330 a GR-9104 (Orce)
0%
GR-9108 De Benamaurel a A-330 (Cúllar)
0%
GR-9109 De Cúllar a Límite de Provincia de Almería
0%
No se encontraron pruebas coincidentes
Distribución de puntuación
Porcentaje de gente con cada puntuación
Porcentaje por número respondido
Historial de tus puntuaciones
No has intentado esta prueba desde el último reinicio